<?xml version="1.0" encoding="UTF-8"?>
<record
    xmlns:xsi="http://www.w3.org/2001/XMLSchema-instance"
    xsi:schemaLocation="http://www.loc.gov/MARC21/slim http://www.loc.gov/standards/marcxml/schema/MARC21slim.xsd"
    xmlns="http://www.loc.gov/MARC21/slim">

  <leader>02009nam0a22003491  4500</leader>
  <controlfield tag="001">rc\3523724</controlfield>
  <controlfield tag="005">20260407150107.0</controlfield>
  <datafield tag="021" ind1=" " ind2=" ">
    <subfield code="a">RU</subfield>
    <subfield code="b">[70-19040]</subfield>
  </datafield>
  <datafield tag="035" ind1=" " ind2=" ">
    <subfield code="a">(NLR Aleph) 007662279</subfield>
  </datafield>
  <datafield tag="090" ind1=" " ind2=" ">
    <subfield code="a">6344630</subfield>
    <subfield code="c">6344630</subfield>
  </datafield>
  <datafield tag="100" ind1=" " ind2=" ">
    <subfield code="a">20130115d1970    |||y0rusy50      ca</subfield>
  </datafield>
  <datafield tag="101" ind1="0" ind2=" ">
    <subfield code="a">rus</subfield>
  </datafield>
  <datafield tag="102" ind1=" " ind2=" ">
    <subfield code="a">RU</subfield>
  </datafield>
  <datafield tag="105" ind1=" " ind2=" ">
    <subfield code="a">a   z   |||||</subfield>
  </datafield>
  <datafield tag="200" ind1="1" ind2=" ">
    <subfield code="a">&#x412; &#x435;&#x434;&#x438;&#x43D;&#x43E;&#x43C; &#x441;&#x442;&#x440;&#x43E;&#x44E;</subfield>
    <subfield code="e">&#x412;&#x43E;&#x441;&#x43F;&#x43E;&#x43C;&#x438;&#x43D;&#x430;&#x43D;&#x438;&#x44F; &#x443;&#x447;&#x430;&#x441;&#x442;&#x43D;&#x438;&#x43A;&#x43E;&#x432; &#x43F;&#x430;&#x440;&#x442;&#x438;&#x437;&#x430;&#x43D;&#x441;&#x43A;&#x43E;&#x433;&#x43E; &#x434;&#x432;&#x438;&#x436;&#x435;&#x43D;&#x438;&#x44F; &#x432; &#x411;&#x435;&#x43B;&#x43E;&#x440;&#x443;&#x441;&#x441;&#x438;&#x438;. 1941-1944</subfield>
    <subfield code="f">&#x421;&#x43E;&#x441;&#x442;. &#x42E;. &#x422;&#x43E;&#x431;&#x438;&#x430;&#x448;, &#x43A;&#x430;&#x43D;&#x434;. &#x438;&#x441;&#x442;. &#x43D;&#x430;&#x443;&#x43A; &#x413;.&#x41D;. &#x428;&#x435;&#x432;&#x435;&#x43B;&#x430;, &#x417;.&#x418;. &#x411;&#x435;&#x43B;&#x443;&#x433;&#x430; [&#x438; &#x434;&#x440;.]</subfield>
    <subfield code="g">&#x420;&#x435;&#x434;. &#x43A;&#x43E;&#x43B;&#x43B;&#x435;&#x433;&#x438;&#x44F;: &#x41F;.&#x41F;. &#x41B;&#x438;&#x43F;&#x438;&#x43B;&#x43E; [&#x438; &#x434;&#x440;.]</subfield>
    <subfield code="g">&#x418;&#x43D;-&#x442; &#x438;&#x441;&#x442;&#x43E;&#x440;&#x438;&#x438; &#x43F;&#x430;&#x440;&#x442;&#x438;&#x438; &#x43F;&#x440;&#x438; &#x426;&#x41A; &#x41A;&#x41F;&#x411; - &#x444;&#x438;&#x43B;&#x438;&#x430;&#x43B; &#x418;&#x43D;-&#x442;&#x430; &#x43C;&#x430;&#x440;&#x43A;&#x441;&#x438;&#x437;&#x43C;&#x430;-&#x43B;&#x435;&#x43D;&#x438;&#x43D;&#x438;&#x437;&#x43C;&#x430; &#x43F;&#x440;&#x438; &#x426;&#x41A; &#x41A;&#x41F;&#x421;&#x421;. &#x418;&#x43D;-&#x442; &#x438;&#x441;&#x442;&#x43E;&#x440;&#x438;&#x438; &#x410;&#x41D; &#x411;&#x421;&#x421;&#x420;. &#x412;&#x43E;&#x435;&#x43D;.-&#x438;&#x441;&#x442;. &#x438;&#x43D;-&#x442; &#x412;&#x43E;&#x439;&#x441;&#x43A;&#x430; &#x41F;&#x43E;&#x43B;&#x44C;&#x441;&#x43A;&#x43E;&#x433;&#x43E;</subfield>
  </datafield>
  <datafield tag="210" ind1=" " ind2=" ">
    <subfield code="a">&#x41C;&#x438;&#x43D;&#x441;&#x43A;</subfield>
    <subfield code="c">&#x411;&#x435;&#x43B;&#x430;&#x440;&#x443;&#x441;&#x44C;</subfield>
    <subfield code="d">1970</subfield>
  </datafield>
  <datafield tag="215" ind1=" " ind2=" ">
    <subfield code="a">531 &#x441;.</subfield>
    <subfield code="c">&#x438;&#x43B;.</subfield>
    <subfield code="d">20</subfield>
  </datafield>
  <datafield tag="320" ind1=" " ind2=" ">
    <subfield code="a">&#x418;&#x43C;&#x435;&#x43D;&#x43D;&#x43E;&#x439; &#x438; &#x433;&#x435;&#x43E;&#x433;&#x440;. &#x443;&#x43A;&#x430;&#x437;&#x430;&#x442;&#x435;&#x43B;&#x438;: &#x441;. 496-529</subfield>
  </datafield>
  <datafield tag="606" ind1=" " ind2=" ">
    <subfield code="a">&#x41F;&#x43E;&#x43B;&#x44F;&#x43A;&#x438; &#x432; &#x412;&#x435;&#x43B;&#x438;&#x43A;&#x43E;&#x439; &#x41E;&#x442;&#x435;&#x447;&#x435;&#x441;&#x442;&#x432;&#x435;&#x43D;&#x43D;&#x43E;&#x439; &#x432;&#x43E;&#x439;&#x43D;&#x435; 1941-1945 &#x433;&#x433;.</subfield>
    <subfield code="j">&#x412;&#x43E;&#x441;&#x43F;&#x43E;&#x43C;&#x438;&#x43D;&#x430;&#x43D;&#x438;&#x44F; &#x438; &#x437;&#x430;&#x43F;&#x438;&#x441;&#x43A;&#x438;</subfield>
    <subfield code="2">psbo</subfield>
  </datafield>
  <datafield tag="606" ind1=" " ind2=" ">
    <subfield code="a">&#x421;&#x43E;&#x432;&#x435;&#x442;&#x441;&#x43A;&#x43E;-&#x43F;&#x43E;&#x43B;&#x44C;&#x441;&#x43A;&#x438;&#x435; &#x43E;&#x442;&#x43D;&#x43E;&#x448;&#x435;&#x43D;&#x438;&#x44F;</subfield>
    <subfield code="x">&#x418;&#x441;&#x442;&#x43E;&#x440;&#x438;&#x44F;</subfield>
    <subfield code="z">1941-1945</subfield>
    <subfield code="2">psbo</subfield>
  </datafield>
  <datafield tag="606" ind1=" " ind2=" ">
    <subfield code="a">&#x41F;&#x440;&#x43E;&#x43B;&#x435;&#x442;&#x430;&#x440;&#x441;&#x43A;&#x438;&#x439; &#x438;&#x43D;&#x442;&#x435;&#x440;&#x43D;&#x430;&#x446;&#x438;&#x43E;&#x43D;&#x430;&#x43B;&#x438;&#x437;&#x43C;</subfield>
    <subfield code="2">psbo</subfield>
  </datafield>
  <datafield tag="606" ind1=" " ind2=" ">
    <subfield code="a">&#x41F;&#x430;&#x440;&#x442;&#x438;&#x437;&#x430;&#x43D;&#x441;&#x43A;&#x43E;&#x435; &#x434;&#x432;&#x438;&#x436;&#x435;&#x43D;&#x438;&#x435; &#x432; &#x412;&#x435;&#x43B;&#x438;&#x43A;&#x43E;&#x439; &#x41E;&#x442;&#x435;&#x447;&#x435;&#x441;&#x442;&#x432;&#x435;&#x43D;&#x43D;&#x43E;&#x439; &#x432;&#x43E;&#x439;&#x43D;&#x435; 1941-1945 &#x433;&#x433;.</subfield>
    <subfield code="y">&#x411;&#x421;&#x421;&#x420;</subfield>
    <subfield code="j">&#x412;&#x43E;&#x441;&#x43F;&#x43E;&#x43C;&#x438;&#x43D;&#x430;&#x43D;&#x438;&#x44F; &#x438; &#x437;&#x430;&#x43F;&#x438;&#x441;&#x43A;&#x438;</subfield>
    <subfield code="2">psbo</subfield>
  </datafield>
  <datafield tag="702" ind1=" " ind2="1">
    <subfield code="a">&#x411;&#x435;&#x43B;&#x443;&#x433;&#x430;</subfield>
    <subfield code="b">&#x417;.&#x418;.</subfield>
    <subfield code="4">220</subfield>
  </datafield>
  <datafield tag="702" ind1=" " ind2="1">
    <subfield code="a">&#x41B;&#x438;&#x43F;&#x438;&#x43B;&#x43E;</subfield>
    <subfield code="b">&#x41F;.&#x41F;.</subfield>
    <subfield code="g">&#x41F;&#x430;&#x432;&#x435;&#x43B; &#x41F;&#x430;&#x432;&#x43B;&#x43E;&#x432;&#x438;&#x447;</subfield>
    <subfield code="4">340</subfield>
  </datafield>
  <datafield tag="702" ind1=" " ind2="1">
    <subfield code="a">&#x428;&#x435;&#x432;&#x435;&#x43B;&#x430;</subfield>
    <subfield code="b">&#x413;.&#x41D;.</subfield>
    <subfield code="4">220</subfield>
  </datafield>
  <datafield tag="702" ind1=" " ind2="1">
    <subfield code="a">&#x422;&#x43E;&#x431;&#x438;&#x430;&#x448;</subfield>
    <subfield code="b">&#x42E;.</subfield>
    <subfield code="g">&#x42E;&#x43B;&#x438;&#x430;&#x43D;</subfield>
    <subfield code="4">220</subfield>
  </datafield>
  <datafield tag="712" ind1="0" ind2="2">
    <subfield code="a">&#x418;&#x43D;&#x441;&#x442;&#x438;&#x442;&#x443;&#x442; &#x438;&#x441;&#x442;&#x43E;&#x440;&#x438;&#x438; &#x43F;&#x430;&#x440;&#x442;&#x438;&#x438;</subfield>
    <subfield code="c">&#x41C;&#x438;&#x43D;&#x441;&#x43A;</subfield>
    <subfield code="3">RU\NLR\AUTH\8810024505</subfield>
    <subfield code="9">547232</subfield>
  </datafield>
  <datafield tag="801" ind1=" " ind2="0">
    <subfield code="a">RU</subfield>
    <subfield code="b">NLR</subfield>
    <subfield code="g">psbo</subfield>
  </datafield>
  <datafield tag="801" ind1=" " ind2="1">
    <subfield code="a">RU</subfield>
    <subfield code="b">ELAR</subfield>
    <subfield code="2">rusmarc</subfield>
  </datafield>
  <datafield tag="852" ind1=" " ind2=" ">
    <subfield code="a">NLR</subfield>
    <subfield code="j">70-3/538</subfield>
  </datafield>
  <datafield tag="942" ind1=" " ind2=" ">
    <subfield code="c">BOOK</subfield>
  </datafield>
  <datafield tag="980" ind1=" " ind2=" ">
    <subfield code="a">NB</subfield>
  </datafield>
  <datafield tag="995" ind1=" " ind2=" ">
    <subfield code="5">2013-10-26</subfield>
    <subfield code="b">NLR01</subfield>
    <subfield code="c">NLR01</subfield>
    <subfield code="e">RF31</subfield>
    <subfield code="f">7662279-10</subfield>
    <subfield code="k">70-3/538</subfield>
    <subfield code="o">0</subfield>
    <subfield code="r">BOOK</subfield>
    <subfield code="s">703538_</subfield>
  </datafield>
</record>
